00578nam a2200193 a 450000100060000000300080000600500170001400800410003102000180007203500190009004000260010904100080013508200250014310000300016824500570019826000650025530000300032065100340035074511BD-RjUL20211209082549.0181010r20161983ii |||| b||| 000 0 eng d a9788173812057 a(BD-RjUL)74729 aBD-RjULbengcBD-RjUL aeng 223a954.02bCHH 2016 aChaudhuri, Kiran Chandra  aHistory of medieval India /cKiran Chandra Chaudhuri aNew Delhi :bNew Central Book Agency,c1985 [Reprinted 2016] aviii, 320 pages ;c24 cm. aIndia xHistory y1000-1526.